| 000 | 00495nam a22001817a 4500 | ||
|---|---|---|---|
| 003 | 0 | ||
| 005 | 20240119071936.0 | ||
| 008 | 240119b xxu||||| |||| 00| 0 eng d | ||
| 020 | _a978-1-4431-1915-3 | ||
| 050 |
_aTR _bFox791 2013 |
||
| 082 |
_aTR _bFox791 2013 |
||
| 100 | _aRuth, Ohi | ||
| 245 |
_aFox and squirrel _cOhi Ruth |
||
| 260 |
_aNew York _bScholastic, Inc. _cc2013. |
||
| 300 |
_a29 pages : _bcolored illustrations ; _c24 cm. |
||
| 650 | _aChildrens stories. | ||
| 942 |
_2ddc _cBK |
||
| 999 |
_c365873 _d365873 |
||